Bovis Lend Lease on top form with £250m of schools work (Record no. 81966)
[ view plain ]
| 000 -LEADER | |
|---|---|
| fixed length control field | 01005cab a22001935a 4500 |
| 001 - CONTROL NUMBER | |
| control field | L148815 |
| 008 - FIXED-LENGTH DATA ELEMENTS--GENERAL INFORMATION | |
| fixed length control field | 091111e20090918xxkd f s 000 0 eng d |
| 035 ## - SYSTEM CONTROL NUMBER | |
| System control number | (Sirsi) u148815 |
| 041 0# - LANGUAGE CODE | |
| Language code of text/sound track or separate title | eng |
| 100 1# - MAIN ENTRY--PERSONAL NAME | |
| Personal name | Glackin, Michael |
| 245 00 - TITLE STATEMENT | |
| Title | Bovis Lend Lease on top form with £250m of schools work |
| 260 ## - PUBLICATION, DISTRIBUTION, ETC. | |
| Date of publication, distribution, etc. | 2009 |
| 490 #0 - SERIES STATEMENT | |
| Series statement | Building |
| Volume/sequential designation | 274 (8597) 18 September 2009, 18-19 (2) |
| 520 ## - SUMMARY, ETC. | |
| Summary, etc. | Presents business barometer data on top contractors for the month of August 2009. Reports that Bovis Lend Lease is at the top of the league due to work won in the education sector. Amey is in second place, followed by Kier. Presents tables of top contractors with their number of projects and their total value in millions of pounds. Gives tables of top contractors excluding and including civils; top architects; top clients/promoters; top quantity surveyors; and tables of yearly work won. |
| 590 ## - LOCAL NOTE (RLIN) | |
| Local note | KA |
| 651 #4 - SUBJECT ADDED ENTRY--GEOGRAPHIC NAME | |
| Geographic name | United Kingdom |
| Chronological subdivision | |
| 690 ## - LOCAL SUBJECT ADDED ENTRY--TOPICAL TERM (OCLC, RLIN) | |
| Topical term or geographic name as entry element | BUILT ENVIRONMENT-CONSTRUCTION MARKET |
| 942 ## - ADDED ENTRY ELEMENTS (KOHA) | |
| Suppress in OPAC | 0 |
| Withdrawn status | Lost status | Source of classification or shelving scheme | Damaged status | Not for loan | Home library | Current library | Shelving location | Date acquired | Total Checkouts | Full call number | Barcode | Date last seen | Copy number | Price effective from | Koha item type |
|---|---|---|---|---|---|---|---|---|---|---|---|---|---|---|---|
| Dewey Decimal Classification | London | London | Journal article | 11/11/2009 | L148815 | 148815-1001 | 06/08/2019 | 1 | 06/08/2019 | Journal article |